Score 0/9 Timer 02:00
1 Play Today
% Correct
Sweden
98.6%
Finland
97.9%
Russia
94.9%
Poland
94.9%
Latvia
94.8%
Estonia
94.4%
Denmark
93.4%
Lithuania
93.3%
Germany
92.8%
Remove Ads.
Support Sporcle.
Get the best of Sporcle when you Go Orange. This ad-free experience offers more features, more stats, and more fun while also helping to support Sporcle. Thank you for becoming a member.

You're not logged in!

Compare scores with friends on all Sporcle quizzes.
OR
Log In

Show Comments

Extras

Top Quizzes Today


Score Distribution

Your Account Isn't Verified!

In order to create a playlist on Sporcle, you need to verify the email address you used during registration. Go to your Sporcle Settings to finish the process.

Report this User

Report this user for behavior that violates our Community Guidelines.

Details: